Africa: That Doesn't Border Chad! Quiz Stats

 Plays Quiz Updated Jul 15, 2018

Score 0/48 Timer 05:00
0 Plays Today
Hint Country % Correct
???
80.9%
???
68.1%
???
62.1%
???
59.9%
???
59.8%
???
57.9%
???
57.9%
???
56.9%
???
56.9%
???
55.9%
???
55.1%
???
55%
???
53.2%
???
51.8%
???
51.5%
???
51.5%
???
50.1%
???
50%
???
49.6%
???
49.5%
???
48.5%
???
47.9%
???
47.9%
???
46.7%
Hint Country % Correct
???
46.4%
???
46.2%
???
46.1%
???
46%
???
45.9%
???
45.9%
???
45.8%
???
45.3%
???
44.8%
???
44.4%
???
43.9%
???
42.7%
???
42.7%
???
42.3%
???
41.9%
???
41.6%
???
41.2%
???
41.1%
???
40.2%
???
39.7%
???
35.4%
???
34.8%
You Just Chad To Be There...???
33.8%
???
23.4%

You're not logged in!

Compare scores with friends on all Sporcle quizzes.
OR
Log In

Sporcle TV

Today on Sporcle TV


Watch our educational content, quiz creation guides, and fun videos on Sporcle TV.

Show Comments

Extras

Top Quizzes Today


Score Distribution

Your Account Isn't Verified!

In order to create a playlist on Sporcle, you need to verify the email address you used during registration. Go to your Sporcle Settings to finish the process.

Report this User

Report this user for behavior that violates our Community Guidelines.

Details: